000 00330 a2200145 4500
001 155090
040 _cEscola São Tomás de Aquino
100 _aSHAKESPEARE, William
240 1 0 _aKing Lear
_lpor
245 1 0 _aKing Lear
300 _a24
440 1 _aCompanhia Editora Nacional
697 _aLíngua inglesa
942 _cBK
999 _c155090
_d155090